|
|
|
|
| LEADER |
01050nam a2200241 a 4500 |
| 001 |
3574957 |
| 008 |
101103s2000 maua b 001 0 eng d |
| 020 |
|
|
|a 0070125910
|
| 040 |
|
|
|a DLC
|c DLC
|d DLC
|d BD-DhAAL
|
| 082 |
0 |
0 |
|a 621.39/5
|2 21
|
| 100 |
1 |
|
|a Brown, Stephen D.
|
| 245 |
1 |
0 |
|a Fundamentals of digital logic with VHDL design /
|c Stephen D. Brown, Zvonko G. Vranesic
|
| 260 |
|
|
|a Boston :
|b McGraw-Hill,
|c c2000
|
| 300 |
|
|
|a xx, 839 p. :
|b ill. ;
|c 23 cm.+
|e 1 computer laser optical disc (4 3/4 in.)
|
| 504 |
|
|
|a Includes bibliographical references and index.
|
| 541 |
|
|
|e 00010876
|
| 650 |
|
0 |
|a Logic circuits
|x Design and construction
|x Data processing.
|
| 650 |
|
0 |
|a Logic design
|x Data processing.
|
| 650 |
|
0 |
|a VHDL (Computer hardware description language)
|
| 700 |
1 |
|
|a Vranesic, Zvonko G.
|
| 852 |
4 |
|
|a Ayesha Abed Library
|j General shelf
|
| 999 |
|
|
|c 10028
|d 10028
|
| 952 |
|
|
|0 0
|1 4
|2 ddc
|4 1
|6 621_395000000000000_BRO
|7 0
|9 13068
|a BRACUL
|b BRACUL
|c GEN
|d 2010-11-04
|l 13
|m 78
|o 621.395 BRO
|p 3010010876
|r 2016-02-09
|s 2016-01-12
|t 1
|w 2010-11-04
|y BK
|x Koha Inventory 2020
|